World Encyclopedia of Political System & Parties (Record no. 1911)
[ view plain ]
| 000 -LEADER | |
|---|---|
| fixed length control field | 00444nam a22001337a 4500 |
| 008 - FIXED-LENGTH DATA ELEMENTS--GENERAL INFORMATION | |
| fixed length control field | 230620b xxu||||| |||| 00| 0 eng d |
| 020 ## - INTERNATIONAL STANDARD BOOK NUMBER | |
| International Standard Book Number | 0816015392 |
| 082 ## - DEWEY DECIMAL CLASSIFICATION NUMBER | |
| Classification number | 324.20 |
| Item number | DEL |
| 100 ## - MAIN ENTRY--PERSONAL NAME | |
| Titles and words associated with a name | George E. Delury |
| 245 ## - TITLE STATEMENT | |
| Title | World Encyclopedia of Political System & Parties |
| Remainder of title | Second edition |
| Statement of responsibility, etc. | Volume 2 |
| Medium | madagascar-Zimbabwe and smaller countries and microstates |
| 260 ## - PUBLICATION, DISTRIBUTION, ETC. (IMPRINT) | |
| Name of publisher, distributor, etc. | facts on file publications |
| Date of publication, distribution, etc. | New york |
| 300 ## - PHYSICAL DESCRIPTION | |
| Extent | 1409p |
| 942 ## - ADDED ENTRY ELEMENTS (KOHA) | |
| Source of classification or shelving scheme | Dewey Decimal Classification |
| Koha item type | Books |
| Withdrawn status | Lost status | Source of classification or shelving scheme | Damaged status | Not for loan | Home library | Current library | Date acquired | Total Checkouts | Full call number | Barcode | Date last seen | Price effective from | Koha item type |
|---|---|---|---|---|---|---|---|---|---|---|---|---|---|
| Dewey Decimal Classification | County Hall Archives | County Hall Archives | 06/20/2023 | 324.20 DEL | 10000471 | 06/20/2023 | 06/20/2023 | Books |
